[Event "Ceriano Laghetto op-B 23rd"]
[Site "Ceriano Laghetto"]
[Date "2014.03.16"]
[Round "4"]
[White "Tarelli, Daniele"]
[Black "Brioschi, Camillo"]
[Result "1-0"]
[WhiteElo "1947"]
[BlackElo "1746"]
[PlyCount "65"]
[EventDate "2014.03.14"]
[EventType "swiss"]
[EventRounds "5"]
[EventCountry "ITA"]
[SourceTitle "EXT 2015"]
[Source "ChessBase"]
[SourceDate "2014.11.20"]
[SourceVersion "1"]
[SourceVersionDate "2014.11.20"]
[SourceQuality "1"]

1. g3 d5 2. Nf3 Bg4 3. Bg2 Nd7 4. h3 Bxf3 5. Bxf3 Ngf6 6. b3 e5 7. Bb2 Bd6 8. d3 c6 9. Nd2 0-0 10. e4 Qa5 11. a3 Rfe8 12. 0-0 Qd8 13. Qe2 d4 14. Rfe1 Nf8 15. Nf1 Qd7 16. Kg2 Ne6 17. Bc1 Qe7 18. Nh2 h6 19. Ng4 Nh7 20. h4 Qf8 21. Rh1 Nc5 22. Kg1 f5 23. exf5 Qxf5 24. Bxh6 e4 25. dxe4 Qe6 26. Bd2 Nxe4 27. Re1 Nhf6 28. Nxf6+ gxf6 29. Qxe4 Qf7 30. Qg4+ Kh8 31. Qh5+ Qxh5 32. Bxh5 Bxa3 33. Rxe8+ 1-0

[Event "Milan Molinari Memorial 7th"]
[Site "Milan"]
[Date "2013.11.03"]
[Round "5"]
[White "Tarelli, Daniele"]
[Black "Quagliarella, Sabino Remo"]
[Result "0-1"]
[WhiteElo "1960"]
[BlackElo "1888"]
[PlyCount "96"]
[EventDate "2013.10.31"]
[EventType "swiss"]
[EventRounds "6"]
[EventCountry "ITA"]
[SourceTitle "EXT 2015"]
[Source "ChessBase"]
[SourceDate "2014.11.20"]
[SourceVersion "1"]
[SourceVersionDate "2014.11.20"]
[SourceQuality "1"]

1. e4 c5 2. Nf3 d6 3. d4 cxd4 4. Nxd4 Nf6 5. Nc3 a6 6. Bc4 e6 7. Bg5 Be7 8. 0-0 0-0 9. Nf3 Qc7 10. Bb3 Nbd7 11. Re1 Nc5 12. e5 dxe5 13. Rxe5 Nxb3 14. axb3 h6 15. Bf4 Bd6 16. Rc5 Bxf4 17. Rxc7 Bxc7 18. Nb5 Bb8 19. Qd4 Bd7 20. c4 Bc6 21. h3 e5 22. Qe3 Rd8 23. Nc3 e4 24. Nd4 Ba7 25. Nce2 Rd7 26. Qc3 Rad8 27. Nxc6 bxc6 28. Rxa6 e3 29. fxe3 Ne4 30. Qc2 Bxe3+ 31. Kh2 Nf6 32. Qf5 Rd2 33. Qf3 Bg5 34. Rxc6 Rxb2 35. h4 Bxh4 36. Qh3 Bg5 37. Rc8 Rbd2 38. Rxd8+ Rxd8 39. c5 Re8 40. Nd4 h5 41. c6 Ng4+ 42. Kg3 g6 43. Nf3 Bd8 44. Qh1 Bc7+ 45. Kh4 Re4 46. Qc1 Nf2+ 47. Kg5 Bd8+ 48. Kh6 Ng4# 0-1

[Event "Milan SSM op"]
[Site "Milan"]
[Date "2012.07.29"]
[Round "3"]
[White "Tarelli, Daniele"]
[Black "Cazzaniga, Walter"]
[Result "0-1"]
[WhiteElo "1909"]
[BlackElo "2148"]
[PlyCount "114"]
[EventDate "2012.07.27"]
[EventType "swiss"]
[EventRounds "7"]
[EventCountry "ITA"]
[SourceTitle "EXT 2014"]
[Source "ChessBase"]
[SourceDate "2013.11.20"]
[SourceVersion "1"]
[SourceVersionDate "2013.11.20"]
[SourceQuality "1"]

1. c4 Nf6 2. g3 g6 3. Nc3 Bg7 4. d4 d5 5. cxd5 Nxd5 6. Bg2 Nb6 7. Nf3 0-0 8. Na4 Nc6 9. e3 Nxa4 10. Qxa4 e5 11. dxe5 Nxe5 12. Nxe5 Bxe5 13. 0-0 c6 14. Rb1 Be6 15. b3 Qf6 16. Qb4 Rab8 17. Qd2 Rfd8 18. Qc2 Rd7 19. Ba3 Bg4 20. h3 Bf3 21. Bb2 Bxb2 22. Qxb2 Qf5 23. Bxf3 Qxf3 24. Rfe1 Rbd8 25. Qe2 Qf5 26. g4 Qa5 27. Red1 Rd2 28. Qf3 Rxa2 29. b4 Qg5 30. Qg3 Rdd2 31. Rxd2 Rxd2 32. Qb8+ Kg7 33. Qg3 Qb5 34. h4 h6 35. e4 Rd4 36. Qc3 Qd3 37. Qa1 Kh7 38. Qa2 Qf3 39. Re1 Qxg4+ 40. Kf1 Qh3+ 41. Kg1 Qe6 42. Qxa7 Rxb4 43. Qe3 h5 44. Kf1 Rb3 45. Qd4 Qh3+ 46. Ke2 c5 47. Qc4 Rb2+ 48. Kd1 Qf3+ 49. Kc1 Qxf2 50. Qc3 c4 51. Rd1 Rb3 52. Qc2 Qxc2+ 53. Kxc2 b5 54. e5 Re3 55. Rd5 b4 56. Rc5 b3+ 57. Kd2 Re4 0-1

[Event "Bergamo op 11th"]
[Site "Bergamo"]
[Date "2012.07.14"]
[Round "4"]
[White "Tarelli, Daniele"]
[Black "Elitropi, Giorgio"]
[Result "1/2-1/2"]
[WhiteElo "1909"]
[BlackElo "2016"]
[PlyCount "141"]
[EventDate "2012.07.13"]
[EventType "swiss"]
[EventRounds "6"]
[EventCountry "ITA"]
[SourceTitle "EXT 2014"]
[Source "ChessBase"]
[SourceDate "2013.11.20"]
[SourceVersion "1"]
[SourceVersionDate "2013.11.20"]
[SourceQuality "1"]

1. d4 e6 2. c4 f5 3. Nc3 Bb4 4. Qc2 Nf6 5. Bg5 b6 6. a3 Bxc3+ 7. Qxc3 Bb7 8. f3 0-0 9. e3 h6 10. Bh4 d6 11. Bd3 Nbd7 12. Ne2 Qe8 13. Qc2 g5 14. Bf2 Qe7 15. Nc3 Ne8 16. 0-0-0 Ng7 17. h4 g4 18. e4 fxe4 19. fxe4 e5 20. d5 Nh5 21. Rdf1 Qg7 22. Qd2 Kh7 23. Ne2 Ndf6 24. Be3 Bc8 25. Bc2 Bd7 26. Qd3 Kh8 27. g3 a6 28. Rf2 Ng8 29. Rhf1 Rxf2 30. Rxf2 Rf8 31. Rxf8 Qxf8 32. Bd1 Qf1 33. Bd2 Kg7 34. b3 Qf3 35. Be3 Qf1 36. Bd2 Be8 37. Kb2 Bg6 38. Bc2 Nhf6 39. Nf4 Qxd3 40. Ne6+ Kf7 41. Bxd3 Bxe4 42. Bxe4 Nxe4 43. Be1 Nc5 44. Nxc5 bxc5 45. b4 cxb4 46. Bxb4 Ne7 47. Kb3 Nc8 48. c5 dxc5 49. Bxc5 Ke8 50. Kc4 Kd7 51. Kd3 Nd6 52. Be3 h5 53. Bf2 c6 54. dxc6+ Kxc6 55. Be1 Kd5 56. Bf2 Nc4 57. a4 Nb2+ 58. Ke2 Nxa4 59. Be1 Nb6 60. Kd3 e4+ 61. Ke3 a5 62. Kf4 Nc4 63. Kg5 Ne5 64. Bxa5 e3 65. Kxh5 Ke4 66. Kg5 Kf3 67. h5 Kxg3 68. Bc7 Kf3 69. Bxe5 g3 70. Bxg3 Kxg3 71. h6 1/2-1/2

[Event "Milan Palladino Memorial"]
[Site "Milan"]
[Date "2012.04.06"]
[Round "2"]
[White "Montoli, Marco"]
[Black "Tarelli, Daniele"]
[Result "1/2-1/2"]
[WhiteElo "1921"]
[BlackElo "1905"]
[PlyCount "97"]
[EventDate "2012.04.05"]
[EventType "swiss"]
[EventRounds "6"]
[EventCountry "ITA"]
[SourceTitle "EXT 2013"]
[Source "ChessBase"]
[SourceDate "2012.11.22"]
[SourceVersion "1"]
[SourceVersionDate "2012.11.22"]
[SourceQuality "1"]

1. c4 Nf6 2. g3 c6 3. Bg2 d5 4. d4 dxc4 5. Nf3 Bf5 6. 0-0 e6 7. Ne5 Nbd7 8. Nxc4 Be7 9. Nc3 0-0 10. e4 Bg6 11. Be3 Bb4 12. f3 b5 13. Ne5 Nxe5 14. dxe5 Bxc3 15. bxc3 Nd7 16. f4 Nb6 17. f5 Qxd1 18. Raxd1 Bh5 19. Rde1 Nc4 20. h3 f6 21. g4 Bf7 22. exf6 gxf6 23. Bh6 Rfe8 24. Rd1 e5 25. Rd7 a5 26. Rfd1 Nb6 27. R7d6 Bxa2 28. Rxc6 Nc4 29. Bf1 Red8 30. Rxd8+ Rxd8 31. Bxc4+ Bxc4 32. Kf2 Ra8 33. Bc1 a4 34. Ba3 Rd8 35. Rd6 Rxd6 36. Bxd6 Kg7 37. h4 h6 38. Ke3 Kf7 39. Kd2 Bf1 40. Ke3 Bc4 41. Kd2 Bb3 42. Bb4 Bc4 43. Bd6 Bf1 44. Ke3 Bc4 45. Kd2 Bf1 46. Ke3 Bc4 47. Kd2 Bb3 48. Bb4 Kg7 49. Bd6 1/2-1/2

[Event "Milan Molinari Memorial 5th"]
[Site "Milan"]
[Date "2011.10.29"]
[Round "2"]
[White "Tarelli, Daniele"]
[Black "Bozzali, Ermanno"]
[Result "1-0"]
[WhiteElo "1900"]
[BlackElo "2133"]
[PlyCount "63"]
[EventDate "2011.10.28"]
[EventType "swiss"]
[EventRounds "6"]
[EventCountry "ITA"]
[SourceTitle "EXT 2014"]
[Source "ChessBase"]
[SourceDate "2013.11.20"]
[SourceVersion "1"]
[SourceVersionDate "2013.11.20"]
[SourceQuality "1"]

1. e4 c5 2. Nf3 e6 3. d4 cxd4 4. Nxd4 Nf6 5. Nc3 Qb6 6. Nb3 Bb4 7. Bd2 Nc6 8. Bd3 0-0 9. 0-0 Ne5 10. h3 Nxd3 11. cxd3 Qd8 12. Rc1 d5 13. e5 Nd7 14. d4 b6 15. Qg4 Kh8 16. Nb5 Bxd2 17. Nxd2 Ba6 18. Nd6 Bxf1 19. Kxf1 f5 20. Qh5 Kg8 21. Nf3 h6 22. g4 Nf6 23. exf6 Qxd6 24. fxg7 Rfc8 25. Rxc8+ Rxc8 26. Qxh6 Qc7 27. Qh8+ Kf7 28. Ne5+ Ke7 29. g8Q Qc1+ 30. Kg2 Rxg8 31. Qxg8 Kf6 32. Qg6+ 1-0

[Event "Lombardia Region-ch"]
[Site "Solaro"]
[Date "2011.05.28"]
[Round "3"]
[White "Barolo, Andrea"]
[Black "Tarelli, Daniele"]
[Result "0-1"]
[WhiteElo "1964"]
[BlackElo "1596"]
[PlyCount "128"]
[EventDate "2011.05.27"]
[EventType "swiss"]
[EventRounds "5"]
[EventCountry "ITA"]
[SourceTitle "EXT 2023"]
[Source "ChessBase"]
[SourceDate "2022.10.05"]
[SourceVersion "1"]
[SourceVersionDate "2022.10.05"]
[SourceQuality "1"]

1. e4 c5 2. c3 a6 3. d4 e6 4. Nf3 d5 5. e5 Nc6 6. Bd3 cxd4 7. cxd4 Nge7 8. 0-0 Ng6 9. Be3 Bd7 10. Nc3 Be7 11. Rc1 Rc8 12. Qd2 0-0 13. g3 Be8 14. h4 f5 15. Ng5 Qd7 16. Na4 Bxg5 17. hxg5 Ncxe5 18. dxe5 Rxc1 19. Rxc1 Qxa4 20. b3 Qd7 21. f4 Ne7 22. Bc5 Rf7 23. Qb4 Nc6 24. Qb6 Qc7 25. Qxc7 Rxc7 26. Bd6 Rc8 27. Rc2 Bd7 28. Bc5 Kf7 29. Kf2 h6 30. gxh6 gxh6 31. Ke3 Rg8 32. Kf3 Rc8 33. Ke3 Kg6 34. g4 Kf7 35. gxf5 exf5 36. Bb6 Nb4 37. Rxc8 Bxc8 38. a3 Nxd3 39. Kxd3 Ke7 40. Kd4 h5 41. Kxd5 Be6+ 42. Kd4 Bxb3 43. Kc3 Bd1 44. Bf2 Ke6 45. Kc4 Bf3 46. Kc5 b5 47. Kb6 Be2 48. Kc5 a5 49. Bh4 Bf1 50. Bg5 Be2 51. Bh4 b4 52. axb4 a4 53. Kd4 a3 54. Kc3 a2 55. Kb2 Bc4 56. b5 Bxb5 57. Kxa2 Kd5 58. Kb2 Ke4 59. Bg5 Kf3 60. e6 Kg4 61. Kc3 h4 62. Bxh4 Kxh4 63. Kd4 Kg4 64. Ke5 Be8 0-1